| 000 | 00509nam a22001817a 4500 | ||
|---|---|---|---|
| 999 |
_c25104 _d25104 |
||
| 003 | OSt | ||
| 005 | 20210528104455.0 | ||
| 008 | 170317b xxu||||| |||| 00| 0 eng d | ||
| 020 | _a1552635007 | ||
| 040 |
_aMMU _beng _cMMU _dMMU |
||
| 050 | _aQ180 .C3I55 2002 | ||
| 245 |
_aInnovation : _bessay by leading Canadian researchers / _cedited by James downey |
||
| 260 |
_aCanada : _bKey Porter , _c2002 |
||
| 300 | _a255 p.: | ||
| 500 | _aIncludes index | ||
| 650 | _aResearch -Canada | ||
| 942 |
_2lcc _cLOAN LOAN |
||